000 00557cam a22001457a 4500
008 180718b1972 xxu||||| |||| 00| 0 eng d
082 _aR11x548 M736
100 _aMoller, Birger
245 _aEmployment approaches to economic planning in developing countries with special reference to the development planning of Ceylon
_cby Birger Moller
260 _aSri Lanka
_bStockholm Institute of Asian Studies
_c1972
300 _a305p.
650 _aEmployment - Sri Lanka
650 _aEconomic development - Sri Lanka
650 _aEconomic planning - Sri Lanka
999 _c349302
_d349302